Normal view
MARC view
- Indígenas de México
Entry Materia
001 - NÚMERO DE CONTROL DEL REGISTRO
- campo de control: 13865
003 - IDENTIFICADOR DE NUMERO DE CONTROL
- campo de control: MX-MxUPN
005 - FECHA Y HORA DE LA ÚLTIMA TRANSACCIÓN
- campo de control: 20240425134404.0
008 - DATOS DE LONGITUD FIJA
- campo de control de longitud fija: 221017 n fnnnnbaba a ana |d
035 ## - NÚMERO DE CONTROL DEL SISTEMA
- Número de control del sistema: UPN10000013873
040 ## - FUENTE DE LA CATALOGACIÓN
- Lengua de catalogación: spa
- Centro catalogador de origen: MX-MxUPN
046 ## - FECHAS CON CODIFICACIÓN ESPECIAL
- Fecha final para contenidos agregados: 220602
150 ## - ENCABEZAMIENTO - TEMÁTICO
- Término de materia o nombre geográfico como elemento inicial: Indígenas de México
- Subdivisión de materia general: Lenguas
450 ## - VÉASE - MATERIA
- Encabezamiento temático: Indios de México
- Subdivisión temática general: Lenguas
- Subcampo de control: nno
670 ## - FUENTE EN LA QUE SE LOCALIZARON DATOS
- Cita de la fuente: Autoridades LIBRUNAM, 17 octubre 2022:
- Información localizada: (Indios de México--Lenguas)
670 ## - FUENTE EN LA QUE SE LOCALIZARON DATOS
- Cita de la fuente: Autoridades BGTQ, 20 septiembre 1978 :
- Información localizada: (Indígenas de México) subdivisión general (Lenguas)
902 ## - CATALOGADOR
- Catalogador: MMA/080796
- Catalogador: VíctorGodínez/200923
